[Event "XVII Open Nicolo' La Rosa"]
[Site "Mazara del Vallo ITA"]
[Date "2009.08.08"]
[Round "4"]
[White "Fiorella, Loreto"]
[Black "Mancuso, Fabrizio"]
[Result "1-0"]
[WhiteElo "1583"]
[BlackElo "1314"]
[PlyCount "57"]
[EventDate "2009.08.07"]

1. f4 d5 2. Nf3 Nf6 3. e3 c5 4. b3 Bg4 5. Bb2 e6 6. Bb5+ Nbd7 7. O-O Be7 8. Qe1
a6 9. Bxd7+ Qxd7 10. Ne5 Qd6 11. Qg3 Bh5 12. d3 b5 13. Nd2 d4 14. Ndf3 dxe3 15.
Ng5 e2 16. Rfe1 h6 17. Ngxf7 Bxf7 18. Qxg7 Rf8 19. Rxe2 b4 20. Rae1 Nd5 21.
Nxf7 Rxf7 22. Qg8+ Bf8 23. Rxe6+ Re7 24. Qg6+ Kd7 25. Rxd6+ Kc7 26. Rxe7+ Bxe7
27. Rxd5 Ra7 28. Be5+ Kc8 29. Qe8+ 1-0

[Event "XVII Open Nicolo' La Rosa"]
[Site "Mazara del Vallo ITA"]
[Date "2009.08.08"]
[Round "4"]
[White "Gigante, Giovanni"]
[Black "Bocci, Alessandro"]
[Result "0-1"]
[WhiteElo "1692"]
[BlackElo "1919"]
[PlyCount "69"]
[EventDate "2009.08.07"]

1. d4 Nf6 2. Nf3 g6 3. e3 c5 4. Bd3 b6 5. Nbd2 Bb7 6. O-O Bg7 7. b3 O-O 8. Bb2
d6 9. Qe2 Nbd7 10. Rac1 Rc8 11. Rfe1 Qc7 12. e4 cxd4 13. Nxd4 Nc5 14. Bc4 Rfd8
15. f3 a6 16. a4 e5 17. c3 exd4 18. cxd4 Ne8 19. e5 dxe5 20. dxc5 Qxc5+ 21. Kh1
Qd6 22. Ne4 Bxe4 23. Qxe4 b5 24. axb5 axb5 25. Bxb5 Rxc1 26. Rxc1 Qd2 27. Qb1
e4 28. Bxg7 exf3 29. Bf1 fxg2+ 30. Bxg2 Nxg7 31. b4 Nf5 32. b5 Ne3 33. Rg1 Nxg2
34. Rxg2 Qd1+ 35. Rg1 0-1

[Event "XVII Open Nicolo' La Rosa"]
[Site "Mazara del Vallo ITA"]
[Date "2009.08.08"]
[Round "4"]
[White "Lo Bosco, Salvatore"]
[Black "Savalla, Pietro"]
[Result "1/2-1/2"]
[WhiteElo "1696"]
[BlackElo "1488"]
[PlyCount "79"]
[EventDate "2009.08.07"]

1. e4 e5 2. Nf3 Nf6 3. Nxe5 d6 4. Nf3 Nxe4 5. d4 d5 6. Bd3 Be7 7. O-O Bf5 8.
Re1 O-O 9. c4 Bf6 10. Nc3 Nxc3 11. bxc3 Bxd3 12. Qxd3 Nc6 13. Ba3 dxc4 14. Qxc4
Re8 15. Rxe8+ Qxe8 16. Re1 Qd7 17. Qe2 h6 18. Bc1 Qe7 19. Qb5 Qd7 20. Bf4 b6
21. h3 Ne5 22. Qxd7 Nxd7 23. Kf1 c5 24. Ne5 Nxe5 25. Bxe5 Bxe5 26. dxe5 Rd8 27.
Ke2 Rd5 28. f4 Kf8 29. g4 Ke7 30. Ke3 f6 31. Ke4 Rd2 32. f5 Rxa2 33. e6 a5 34.
Rd1 a4 35. Rd7+ Kf8 36. Rd5 a3 37. Rd8+ Ke7 38. Rd7+ Kf8 39. Rd8+ Ke7 40. Rd7+
1/2-1/2

[Event "XVII Open Nicolo' La Rosa"]
[Site "Mazara del Vallo ITA"]
[Date "2009.08.08"]
[Round "4"]
[White "Lo Piccolo, Antonino"]
[Black "Oddo, Salvatore"]
[Result "1-0"]
[WhiteElo "1719"]
[BlackElo "1496"]
[PlyCount "53"]
[EventDate "2009.08.07"]

1. d4 Nf6 2. c4 g6 3. Nc3 Bg7 4. e4 d6 5. f4 O-O 6. Nf3 Re8 7. h3 c5 8. d5 e6
9. Bd3 exd5 10. cxd5 Bf5 11. Nd2 Nh5 12. O-O Bd4+ 13. Kh2 Bd7 14. Nf3 Bxc3 15.
bxc3 Nf6 16. c4 a6 17. e5 dxe5 18. fxe5 Nh5 19. Bg5 f6 20. exf6 Nxf6 21. Qd2
Ne4 22. Bxe4 Qc7+ 23. Bf4 Qd8 24. Rfe1 Qf6 25. d6 Rxe4 26. Rxe4 Bc6 27. Be5 1-0

[Event "XVII Open Nicolo' La Rosa"]
[Site "Mazara del Vallo ITA"]
[Date "2009.08.08"]
[Round "4"]
[White "Marino, Davide"]
[Black "Cassia, Giuseppe"]
[Result "0-1"]
[WhiteElo "1550"]
[BlackElo "1532"]
[PlyCount "76"]
[EventDate "2009.08.07"]

1. e4 e6 2. d4 d5 3. Nd2 c5 4. c3 dxe4 5. Nxe4 cxd4 6. cxd4 Bb4+ 7. Nc3 Nf6 8.
Bc4 Ne4 9. Nge2 Nc6 10. Be3 Qa5 11. Qc2 Qf5 12. O-O Nxc3 13. Qxf5 Nxe2+ 14.
Bxe2 exf5 15. d5 Ne7 16. Bc4 Bd6 17. Rfe1 O-O 18. Rad1 b6 19. Bg5 Ng6 20. h4
Bd7 21. h5 Ne5 22. Bb3 h6 23. Bf4 Rfe8 24. Re3 f6 25. Rg3 Nf7 26. Bxd6 Nxd6 27.
Rc1 Rac8 28. Rcc3 Rxc3 29. Rxc3 Rc8 30. Re3 Kf8 31. Kh2 Nc4 32. Re2 b5 33. d6
Re8 34. Rc2 Re6 35. Bxc4 bxc4 36. Rxc4 Rxd6 37. Rc7 a6 38. b3 Be6 0-1

[Event "XVII Open Nicolo' La Rosa"]
[Site "Mazara del Vallo ITA"]
[Date "2009.08.08"]
[Round "4"]
[White "Melograni, Francesco"]
[Black "Messina, Damiano"]
[Result "0-1"]
[WhiteElo "1824"]
[BlackElo "1991"]
[PlyCount "80"]
[EventDate "2009.08.07"]

1. e4 c5 2. Nc3 Nc6 3. f4 d6 4. Bb5 Bd7 5. Bxc6 Bxc6 6. Nf3 g6 7. d3 Bg7 8. O-O
Nf6 9. Qe1 O-O 10. Qh4 Qd7 11. f5 gxf5 12. h3 fxe4 13. dxe4 b5 14. Bh6 Bxh6 15.
Qxh6 Nxe4 16. Rae1 f5 17. Ng5 e5 18. Ncxe4 fxe4 19. Rxf8+ Rxf8 20. Rd1 d5 21.
Nxe4 Qf7 22. Qxc6 dxe4 23. Qxc5 a6 24. Qd5 e3 25. Qxf7+ Rxf7 26. Rd3 Rf2 27.
Rxe3 Rxc2 28. Rb3 Kf7 29. Kh2 Ke6 30. Kg3 Kd5 31. Kf3 e4+ 32. Kg3 Kd4 33. Ra3
Rxb2 34. Rxa6 Ke3 35. Rb6 b4 36. Rb7 h5 37. Kh4 Kf2 38. g4 hxg4 39. Kxg4 e3 40.
Rf7+ Ke1 0-1

[Event "XVII Open Nicolo' La Rosa"]
[Site "Mazara del Vallo ITA"]
[Date "2009.08.08"]
[Round "4"]
[White "Morello, Guido"]
[Black "Mangione, Claudio"]
[Result "1-0"]
[WhiteElo "1952"]
[BlackElo "2074"]
[PlyCount "56"]
[EventDate "2009.08.07"]

1. e4 c5 2. a3 g6 3. d4 cxd4 4. c3 Bg7 5. Nf3 dxc3 6. Nxc3 Nc6 7. Bc4 d6 8. Qb3
e6 9. Bf4 Be5 10. Bxe5 dxe5 11. Rd1 Qe7 12. Nb5 Nf6 13. Nd6+ Kf8 14. O-O Kg7
15. Ng5 Nh5 16. f4 exf4 17. Ngxf7 Rf8 18. e5 Rxf7 19. Nxf7 Kxf7 20. g4 Qg5 21.
Bxe6+ Bxe6 22. Qxb7+ Ne7 23. Qxa8 Bxg4 24. Qg2 Qh4 25. Rd3 g5 26. b4 Be6 27.
Rd6 g4 28. Qe4 Nf5 1-0

[Event "XVII Open Nicolo' La Rosa"]
[Site "Mazara del Vallo ITA"]
[Date "2009.08.08"]
[Round "4"]
[White "Piazza, Dario"]
[Black "Provino, Salvatore"]
[Result "1-0"]
[WhiteElo "1533"]
[BlackElo "1413"]
[PlyCount "51"]
[EventDate "2009.08.07"]

1. e4 e5 2. d4 f5 3. exf5 Nc6 4. Qh5+ g6 5. fxg6 Nf6 6. g7+ Nxh5 7. gxh8=Q Qe7
8. Nf3 d6 9. Bg5 Qe6 10. d5 Qg6 11. dxc6 b6 12. Be2 Bg4 13. O-O h6 14. Bxh6
O-O-O 15. Bxf8 Qxc2 16. Ba6+ Kb8 17. Nxe5 dxe5 18. Nc3 Bf3 19. Rfc1 Qg6 20. g3
Qf5 21. Rd1 Re8 22. Be2 Rxf8 23. Rd8+ Rxd8 24. Qxd8+ Qc8 25. Qxc8+ Kxc8 26.
Bxf3 1-0

[Event "XVII Open Nicolo' La Rosa"]
[Site "Mazara del Vallo ITA"]
[Date "2009.08.08"]
[Round "4"]
[White "Savalla, Salvatore"]
[Black "Cleal, John"]
[Result "0-1"]
[WhiteElo "1724"]
[BlackElo "1958"]
[PlyCount "58"]
[EventDate "2009.08.07"]

1. e4 d5 2. exd5 Nf6 3. Nf3 Nxd5 4. d4 Bg4 5. Be2 e6 6. O-O Nc6 7. c4 Nb6 8. c5
Nd5 9. Bb5 Bxf3 10. Bxc6+ bxc6 11. Qxf3 Be7 12. Qg3 Bf6 13. Be3 Rb8 14. b3 O-O
15. Nd2 Nc3 16. Qg4 Bxd4 17. Bxd4 Qxd4 18. Qxd4 Ne2+ 19. Kh1 Nxd4 20. Nc4 f6
21. Na5 Rb5 22. Rad1 e5 23. Rxd4 exd4 24. Nxc6 Rxc5 25. Nxd4 Re8 26. g3 Re4 27.
Nf3 Re2 28. Re1 Rxe1+ 29. Nxe1 Rc1 0-1

[Event "XVII Open Nicolo' La Rosa"]
[Site "Mazara del Vallo ITA"]
[Date "2009.08.08"]
[Round "4"]
[White "Spadaro, Carmelo Alessandro"]
[Black "Cerami, Giuseppe"]
[Result "1-0"]
[WhiteElo "1479"]
[BlackElo "1688"]
[PlyCount "149"]
[EventDate "2009.08.07"]

1. d4 Nf6 2. c4 e5 3. dxe5 Ng4 4. Nf3 Nc6 5. Bf4 Bb4+ 6. Nc3 Qe7 7. Qd5 O-O 8.
h3 Bxc3+ 9. bxc3 Qa3 10. Qd2 Nh6 11. Bxh6 gxh6 12. Rc1 d6 13. Qxh6 Nxe5 14.
Nxe5 dxe5 15. Qg5+ Kh8 16. Qxe5+ f6 17. Qf4 Be6 18. e4 Rad8 19. Be2 Qxa2 20. e5
f5 21. h4 a5 22. Rh3 a4 23. Rg3 Rg8 24. Rxg8+ Rxg8 25. g3 a3 26. Qd2 Qb3 27.
Qc2 Qxc2 28. Rxc2 Ra8 29. Ra2 b5 30. Kd2 Ra4 31. Ke3 c5 32. Kd2 b4 33. Kc2 Ra8
34. cxb4 cxb4 35. Kb3 Rb8 36. Rd2 Kg7 37. Rd6 Kf7 38. Ra6 Ke7 39. Ra7+ Bd7 40.
c5 Kd8 41. Bc4 Bb5 42. Kxb4 Ba6+ 43. Kc3 Bxc4 44. Kxc4 Rb2 45. Rxa3 Rxf2 46.
Ra7 f4 47. gxf4 Rxf4+ 48. Kd5 Rxh4 49. c6 h5 50. Rh7 Rh1 51. e6 Ra1 52. e7+ Ke8
53. c7 Rd1+ 54. Kc6 Rc1+ 55. Kb6 Rb1+ 56. Ka5 Ra1+ 57. Kb4 Rb1+ 58. Ka3 Rc1 59.
c8=Q+ Rxc8 60. Rh8+ Kxe7 61. Rxc8 Kf7 62. Rh8 Kg6 63. Kb3 Kg5 64. Kc3 Kg4 65.
Kd2 h4 66. Ke2 Kg3 67. Rg8+ Kh2 68. Rg4 h3 69. Rh4 Kg2 70. Rg4+ Kh1 71. Kf3 h2
72. Kg3 Kg1 73. Kh3+ Kh1 74. Rb4 Kg1 75. Rb1+ 1-0

[Event "XVII Open Nicolo' La Rosa"]
[Site "Mazara del Vallo ITA"]
[Date "2009.08.08"]
[Round "4"]
[White "Vincenzi, Marco"]
[Black "Cunati, Valerio"]
[Result "1-0"]
[WhiteElo "2080"]
[BlackElo "1700"]
[PlyCount "71"]
[EventDate "2009.08.07"]

1. e4 c5 2. Nf3 d6 3. d4 cxd4 4. Nxd4 Nf6 5. Nc3 a6 6. Bg5 Nbd7 7. f4 g6 8. Bc4
Bg7 9. Nf3 Qc7 10. Qe2 O-O 11. O-O-O b5 12. Bd5 Rb8 13. e5 dxe5 14. fxe5 Nxe5
15. Qxe5 Qxe5 16. Nxe5 Nxd5 17. Nxd5 Bxe5 18. Nxe7+ Kh8 19. Nc6 Ra8 20. Nxe5 f6
21. Bh6 Re8 22. Nf7+ Kg8 23. Nd6 Re2 24. Rhe1 Re6 25. Nxc8 Rxe1 26. Rxe1 Rxc8
27. Re7 g5 28. Kd2 Ra8 29. Ke3 b4 30. Ke4 Rc8 31. Rg7+ Kh8 32. Rb7 a5 33. Kf5
Rg8 34. Ke6 Rg6 35. Kf7 Rg8 36. Rb8 1-0

[Event "XVII Open Nicolo' La Rosa"]
[Site "Mazara del Vallo ITA"]
[Date "2009.08.09"]
[Round "5"]
[White "Berendino, Giacomo"]
[Black "Castelli, Giovanni J."]
[Result "0-1"]
[WhiteElo "1455"]
[BlackElo "1623"]
[PlyCount "84"]
[EventDate "2009.08.07"]

1. d4 Nf6 2. e3 g6 3. Nf3 Bg7 4. b3 O-O 5. Bb2 d6 6. Be2 Nbd7 7. O-O e5 8. dxe5
Ng4 9. Nbd2 Ngxe5 10. Rb1 Qe7 11. c4 Nc5 12. Nxe5 dxe5 13. e4 Ne6 14. Nf3 Nf4
15. Re1 Rd8 16. Qc2 f5 17. Rbd1 Re8 18. Bf1 c6 19. Qd2 fxe4 20. Rxe4 Bf5 21.
Ree1 Rad8 22. Qe3 Rxd1 23. Rxd1 e4 24. Bxg7 exf3 25. Qxf3 Nxg2 26. Ba1 Nh4 27.
Qg3 Bc8 28. Qc3 Qg5+ 29. Kh1 Re7 30. Qh8+ Kf7 31. c5 Be6 32. Rd8 Bd5+ 33. Rxd5
Qxd5+ 34. Kg1 Qg5+ 35. Kh1 Qd5+ 36. Kg1 Qg5+ 37. Kh1 Re1 38. Qg7+ Ke6 39. Qg8+
Kf5 40. Qc8+ Kf4 41. Qc7+ Kg4 42. Qd7+ Kh5 0-1

[Event "XVII Open Nicolo' La Rosa"]
[Site "Mazara del Vallo ITA"]
[Date "2009.08.09"]
[Round "5"]
[White "Bocci, Alessandro"]
[Black "Bertino, Giacomo"]
[Result "0-1"]
[WhiteElo "1919"]
[BlackElo "2017"]
[PlyCount "114"]
[EventDate "2009.08.07"]

1. d4 Nf6 2. c4 e6 3. Nf3 c5 4. d5 b5 5. Bg5 exd5 6. cxd5 d6 7. e4 a6 8. Bd3
Be7 9. Bf4 O-O 10. O-O Nbd7 11. Nbd2 Bb7 12. Re1 Re8 13. b3 Qc7 14. a4 bxa4 15.
bxa4 a5 16. Nc4 Ba6 17. Rb1 Rab8 18. Qc2 h6 19. h3 Bxc4 20. Bxc4 Nh5 21. Bd2
Rec8 22. Rxb8 Rxb8 23. Rb1 Bd8 24. Rxb8 Qxb8 25. Qb3 Qb6 26. Bb5 Nhf6 27. Qd3
Bc7 28. Bc3 Qb8 29. Nd2 Qd8 30. Qg3 Ne5 31. Bxe5 dxe5 32. Qe3 Nh5 33. Qxc5 Bb6
34. Qc6 Kh7 35. Nf3 f6 36. Qe8 Bxf2+ 37. Kxf2 Qb6+ 38. Ke1 Qe3+ 39. Kd1 Qb3+
40. Kc1 Qc3+ 41. Kd1 Qb3+ 42. Kd2 Qb4+ 43. Kc2 Qc5+ 44. Kd1 Nf4 45. Qc6 Qa3 46.
Qc2 Qa1+ 47. Qc1 Qa2 48. Qc2 Qa1+ 49. Kd2 Nxg2 50. d6 Qa3 51. Qc7 Qe3+ 52. Kc2
Qxf3 53. d7 Ne3+ 54. Kd2 Qf2+ 55. Be2 Nf1+ 56. Kc1 Qe3+ 57. Kd1 Qd2# 0-1

[Event "XVII Open Nicolo' La Rosa"]
[Site "Mazara del Vallo ITA"]
[Date "2009.08.09"]
[Round "5"]
[White "Bonomo, Renan"]
[Black "Bifulco, Michel"]
[Result "0-1"]
[WhiteElo "1620"]
[BlackElo "2015"]
[PlyCount "98"]
[EventDate "2009.08.07"]

1. e4 e6 2. d4 d5 3. e5 c5 4. c3 Nc6 5. Nf3 Bd7 6. Bd3 cxd4 7. cxd4 Qb6 8. Bc2
Nb4 9. a3 Nxc2+ 10. Qxc2 Rc8 11. Nc3 Ne7 12. O-O Nc6 13. Be3 Na5 14. Nd2 Qa6
15. f4 g6 16. b4 Nc4 17. Nxc4 Qxc4 18. Rac1 a5 19. Qb2 axb4 20. Ne4 Qd3 21.
Rxc8+ Bxc8 22. Nf6+ Kd8 23. Bf2 Qxa3 24. Qe2 Qa6 25. Qc2 Bd7 26. Rc1 Bc6 27. g4
Qa4 28. Qb1 b3 29. f5 Ba3 30. Rc3 b2 31. Bh4 Kc7 32. Bf2 Qb4 33. Rc2 Kb8 34.
Be1 Qxd4+ 35. Bf2 Qb4 36. Bc5 Qb3 37. Bxa3 Qxa3 38. Rxb2 Qe3+ 39. Kf1 Qf3+ 40.
Kg1 d4 41. Qa2 Qc3 42. Rb1 Qe3+ 43. Qf2 Qxe5 44. fxe6 fxe6 45. h4 h6 46. Re1
Qd6 47. Qa2 Qg3+ 48. Kf1 Qh3+ 49. Kg1 Qh1+ 0-1

[Event "XVII Open Nicolo' La Rosa"]
[Site "Mazara del Vallo ITA"]
[Date "2009.08.09"]
[Round "5"]
[White "Cassia, Giuseppe"]
[Black "Campo, Renato"]
[Result "0-1"]
[WhiteElo "1532"]
[BlackElo "2018"]
[PlyCount "128"]
[EventDate "2009.08.07"]

1. c4 c6 2. g3 d5 3. cxd5 cxd5 4. Bg2 Nf6 5. d4 Nc6 6. Nc3 e6 7. e3 Bd6 8. Nge2
O-O 9. O-O Rb8 10. e4 dxe4 11. Nxe4 Nxe4 12. Bxe4 e5 13. dxe5 Nxe5 14. Be3 b6
15. Qc2 f5 16. Bd5+ Kh8 17. Rad1 Qe7 18. Bf4 Ng6 19. Bxd6 Qxd6 20. Bg2 Qf6 21.
Rfe1 Bb7 22. Rd7 Bxg2 23. Kxg2 Rbc8 24. Rc7 Rxc7 25. Qxc7 Qxb2 26. Qxa7 Qd2 27.
Kf1 b5 28. Nd4 f4 29. Ne6 Rg8 30. Qf7 fxg3 31. hxg3 Qd3+ 32. Kg1 Qc3 33. Re2
Ne5 34. Ng5 Qc1+ 35. Kg2 Qxg5 36. Qd5 Re8 37. f4 Qg4 38. Rxe5 Rc8 39. Qc5 h6
40. Qf2 Qd1 41. Re2 Rc1 42. Kh3 Qh1+ 43. Qh2 Qf3 44. Rf2 Qc6 45. Kg4 Rh1 46.
Qg2 h5+ 47. Kf5 Qf6+ 48. Ke4 Qc6+ 49. Kf5 Qd7+ 50. Ke4 Re1+ 51. Re2 Qc6+ 52.
Kf5 Qd7+ 53. Ke4 Qe6+ 54. Kf3 Qg4+ 55. Ke3 Rxe2+ 56. Qxe2 Qxg3+ 57. Ke4 Qg6+
58. Ke3 Qe6+ 59. Kf3 Qxe2+ 60. Kxe2 Kh7 61. Kf3 Kg6 62. Kg3 Kf5 63. Kh4 Kxf4
64. Kxh5 g5 0-1

[Event "XVII Open Nicolo' La Rosa"]
[Site "Mazara del Vallo ITA"]
[Date "2009.08.09"]
[Round "5"]
[White "Cleal, John"]
[Black "Vincenzi, Marco"]
[Result "1/2-1/2"]
[WhiteElo "1958"]
[BlackElo "2080"]
[PlyCount "89"]
[EventDate "2009.08.07"]

1. e4 e5 2. d4 exd4 3. c3 dxc3 4. Bc4 c6 5. Nxc3 d5 6. Nxd5 Nf6 7. Bg5 Be7 8.
Qe2 O-O 9. O-O-O Nxd5 10. Bxe7 Qxe7 11. exd5 Qxe2 12. Nxe2 cxd5 13. Bxd5 Nc6
14. Bxc6 bxc6 15. Rd6 Be6 16. Nc3 Rfc8 17. Rhd1 Kf8 18. b3 Ke7 19. R6d2 Rd8 20.
Kb2 Rxd2+ 21. Rxd2 Rd8 22. Rxd8 Kxd8 23. f3 Ke7 24. b4 Kd6 25. f4 h6 26. a4 Bc4
27. Kc2 Ke6 28. Kd2 g5 29. Ke3 Kf5 30. fxg5 hxg5 31. g3 Ke5 32. Ne4 f6 33. h4
gxh4 34. gxh4 f5 35. Nd2 f4+ 36. Kf2 Bd5 37. b5 cxb5 38. axb5 Kf5 39. Nf3 Kg4
40. Ne5+ Kxh4 41. Nc6 a6 42. Nb4 axb5 43. Nxd5 Kg4 44. Nb4 f3 45. Nd3 1/2-1/2

[Event "XVII Open Nicolo' La Rosa"]
[Site "Mazara del Vallo ITA"]
[Date "2009.08.09"]
[Round "5"]
[White "Colicchia, Michele"]
[Black "Asaro, Valeria"]
[Result "1/2-1/2"]
[WhiteElo "1427"]
[BlackElo "1687"]
[PlyCount "56"]
[EventDate "2009.08.07"]

1. e4 e5 2. Nf3 Nc6 3. Bc4 h6 4. O-O Bc5 5. c3 Nf6 6. d4 exd4 7. cxd4 Bb6 8.
Nc3 d6 9. h3 Bd7 10. e5 Ng8 11. exd6 cxd6 12. Re1+ Nge7 13. Nd5 O-O 14. Nxe7+
Nxe7 15. Bf4 d5 16. Bd6 Re8 17. Bxe7 Rxe7 18. Rxe7 Qxe7 19. Bxd5 Bf5 20. Ne5
Be6 21. Bxe6 Qxe6 22. Qa4 Rd8 23. Nf3 Bc7 24. Qxa7 Qc6 25. Qa3 Re8 26. Qc3 Qb6
27. Rd1 Re2 28. Rd2 Re6 1/2-1/2

[Event "XVII Open Nicolo' La Rosa"]
[Site "Mazara del Vallo ITA"]
[Date "2009.08.09"]
[Round "5"]
[White "Cunati, Valerio"]
[Black "D'Angelo, Giovanni"]
[Result "1-0"]
[WhiteElo "1700"]
[BlackElo "1647"]
[PlyCount "35"]
[EventDate "2009.08.07"]

1. e4 d6 2. Nf3 Nf6 3. Nc3 g6 4. d4 Bg7 5. Be2 O-O 6. h3 Nc6 7. O-O e5 8. Bg5
exd4 9. Nxd4 Nxd4 10. Qxd4 Be6 11. Qe3 Re8 12. Rad1 Qe7 13. f4 Bd7 14. e5 Qe6
15. Bxf6 Bxf6 16. Bg4 Qe7 17. Nd5 Qd8 18. Nxf6+ 1-0

[Event "XVII Open Nicolo' La Rosa"]
[Site "Mazara del Vallo ITA"]
[Date "2009.08.09"]
[Round "5"]
[White "Lo Bosco, Salvatore"]
[Black "Di Misa, Serafino"]
[Result "0-1"]
[WhiteElo "1696"]
[BlackElo "1617"]
[PlyCount "156"]
[EventDate "2009.08.07"]

1. e4 c5 2. Nf3 Nc6 3. d4 cxd4 4. Nxd4 Nf6 5. Nc3 e5 6. Nf3 Bc5 7. Bc4 d6 8.
O-O O-O 9. Bg5 Be6 10. Nd5 h6 11. Bh4 Bg4 12. c3 g5 13. Nxf6+ Qxf6 14. Bg3 Ne7
15. b4 Bb6 16. a4 a5 17. Be2 Bxf3 18. Bxf3 Rfc8 19. Qd3 axb4 20. cxb4 Bd4 21.
Ra3 Rc6 22. b5 Rc5 23. a5 Ng6 24. Rd1 Qd8 25. a6 bxa6 26. bxa6 Ra5 27. Rb1
R8xa6 28. Rxa5 Rxa5 29. Qb3 Kg7 30. h3 Qa8 31. Qd1 Qa7 32. Qf1 Nf4 33. Bxf4
gxf4 34. Rd1 Ra2 35. Qc4 Bxf2+ 36. Kh2 Bg3+ 37. Kh1 Ra4 38. Qc8 Ra1 39. Qg4+
Kf8 40. Qc8+ Ke7 41. Rc1 Rxc1+ 42. Qxc1 Qc5 43. Qb1 Kf6 44. Qd1 Qb4 45. Qa1 Qd2
46. Qd1 Qxd1+ 47. Bxd1 Kg5 48. Bf3 f5 49. Kg1 fxe4 50. Bxe4 Kf6 51. Kf1 Ke6 52.
Ke2 d5 53. Bb1 e4 54. Ba2 Ke5 55. Bb1 d4 56. Kd2 h5 57. Ke2 h4 58. Kd2 Bf2 59.
Ke2 Be3 60. Bc2 Bc1 61. Bb1 Ba3 62. Bc2 d3+ 63. Bxd3 exd3+ 64. Kxd3 Bc5 65. Kc4
Ba7 66. Kd3 Bf2 67. Ke2 Bg3 68. Kf3 Kd4 69. Ke2 Ke4 70. Kf1 Ke3 71. Kg1 Be1 72.
Kf1 Bb4 73. Kg1 Ke2 74. Kh2 Kf1 75. Kh1 Kf2 76. Kh2 Bd6 77. Kh1 Bc7 78. Kh2 f3+
0-1

[Event "XVII Open Nicolo' La Rosa"]
[Site "Mazara del Vallo ITA"]
[Date "2009.08.09"]
[Round "5"]
[White "Mancuso, Fabrizio"]
[Black "Savalla, Pietro"]
[Result "0-1"]
[WhiteElo "1314"]
[BlackElo "1488"]
[PlyCount "92"]
[EventDate "2009.08.07"]

1. e4 e5 2. Nf3 Nf6 3. Nxe5 d6 4. Nf3 Nxe4 5. d4 d5 6. Bd3 Be7 7. c4 Bb4+ 8.
Bd2 Nxd2 9. Nbxd2 dxc4 10. Qa4+ Nc6 11. Bxc4 Bxd2+ 12. Nxd2 Qxd4 13. Nf3 Qxb2
14. O-O O-O 15. Bb3 Qf6 16. h3 Bd7 17. Qb5 Rab8 18. Rad1 Bxh3 19. Qg5 Qxg5 20.
Nxg5 Bf5 21. Bxf7+ Rxf7 22. Nxf7 Kxf7 23. Rfe1 Re8 24. Rxe8 Kxe8 25. Re1+ Kf7
26. Re2 g6 27. Rb2 b6 28. Rb3 Na5 29. Rf3 Kg7 30. Re3 Kf7 31. Rf3 Ke6 32. Re3+
Kd5 33. Rc3 c5 34. Kh2 h5 35. Kg3 c4 36. Kf4 Bd3 37. Kg5 b5 38. g4 hxg4 39.
Kxg4 b4 40. Rc1 c3 41. Rd1 Kc5 42. Rxd3 c2 43. Rd8 c1=Q 44. Rc8+ Nc6 45. Rg8
Qc4+ 46. Kg3 Qxg8 0-1

[Event "XVII Open Nicolo' La Rosa"]
[Site "Mazara del Vallo ITA"]
[Date "2009.08.09"]
[Round "5"]
[White "Mangione, Claudio"]
[Black "Fiorella, Loreto"]
[Result "1-0"]
[WhiteElo "2074"]
[BlackElo "1583"]
[PlyCount "67"]
[EventDate "2009.08.07"]

1. d4 Nf6 2. c4 e5 3. dxe5 Ng4 4. Nf3 Nc6 5. Nc3 Ngxe5 6. Nxe5 Nxe5 7. e3 Bb4
8. Bd2 O-O 9. a3 Bd6 10. Nb5 Be7 11. Be2 a6 12. Nc3 Bc5 13. O-O d6 14. f4 Ng6
15. Bd3 f5 16. Qf3 c6 17. Kh1 Rf6 18. g3 Be6 19. e4 Ne7 20. Rad1 d5 21. exd5
cxd5 22. cxd5 Bd7 23. Rfe1 Nc6 24. dxc6 Bxc6 25. Bc4+ Kh8 26. Bd5 Bf2 27. Re5
Bd4 28. Bxc6 Rxc6 29. Be3 Rc4 30. Rd5 Qb6 31. Bxd4 Qc7 32. Be5 Qe7 33. Rd7 Qf8
34. Bxg7+ 1-0

[Event "XVII Open Nicolo' La Rosa"]
[Site "Mazara del Vallo ITA"]
[Date "2009.08.09"]
[Round "5"]
[White "Meo, Antonino"]
[Black "Melograni, Francesco"]
[Result "1/2-1/2"]
[WhiteElo "1515"]
[BlackElo "1824"]
[PlyCount "29"]
[EventDate "2009.08.07"]

1. e4 e5 2. Bc4 Nf6 3. d4 exd4 4. Nf3 Bb4+ 5. c3 dxc3 6. O-O c2 7. Qxc2 O-O 8.
Bg5 Be7 9. Nc3 d6 10. Rfe1 Nc6 11. e5 Ng4 12. Bxe7 Nxe7 13. Rad1 Nc6 14. Ra1
Ne7 15. Rad1 1/2-1/2

[Event "XVII Open Nicolo' La Rosa"]
[Site "Mazara del Vallo ITA"]
[Date "2009.08.09"]
[Round "5"]
[White "Messina, Damiano"]
[Black "Di Misa, Salvatore"]
[Result "1/2-1/2"]
[WhiteElo "1991"]
[BlackElo "1851"]
[PlyCount "58"]
[EventDate "2009.08.07"]

1. e4 c5 2. Nf3 Nc6 3. d4 cxd4 4. Nxd4 Nf6 5. Nc3 e5 6. Nb3 Bb4 7. Bd3 d5 8.
exd5 Qxd5 9. O-O Bxc3 10. bxc3 O-O 11. Bg5 Bg4 12. f3 Be6 13. Qe1 e4 14. Bxf6
exd3 15. Qg3 g6 16. Qh4 Qf5 17. cxd3 Rfe8 18. g4 Qf4 19. Bg5 Qd6 20. d4 Bd5 21.
Rae1 b5 22. Nc5 b4 23. Bd2 bxc3 24. Bxc3 Rxe1 25. Qxe1 Qf4 26. Nd3 Qd6 27. Nc5
Qf4 28. Nd3 Qd6 29. Nc5 Qf4 1/2-1/2

[Event "XVII Open Nicolo' La Rosa"]
[Site "Mazara del Vallo ITA"]
[Date "2009.08.09"]
[Round "5"]
[White "Montalbano, Federico"]
[Black "Savalla, Salvatore"]
[Result "1-0"]
[WhiteElo "1509"]
[BlackElo "1724"]
[PlyCount "159"]
[EventDate "2009.08.07"]

1. e4 e5 2. Nf3 Nf6 3. d4 exd4 4. e5 Qe7 5. Be2 Ne4 6. Qxd4 Qb4+ 7. c3 Qxd4 8.
cxd4 Bb4+ 9. Nbd2 Bxd2+ 10. Nxd2 Nxd2 11. Bxd2 O-O 12. O-O Re8 13. Bf3 Nc6 14.
Bc3 Rb8 15. Rfe1 b6 16. d5 Nd8 17. Rac1 Bb7 18. Be4 c6 19. Bf5 cxd5 20. Bxd7
Re7 21. Bg4 Ne6 22. Bb4 Ree8 23. Bd6 Rbc8 24. Red1 Rxc1 25. Rxc1 Rc8 26. Rxc8+
Bxc8 27. Kf1 a6 28. g3 b5 29. f4 Bb7 30. b4 Nd4 31. Bc5 Ne6 32. Ke2 g6 33. Kd3
h5 34. Bf3 Kg7 35. Be7 Kg8 36. Bg2 Kg7 37. Bh3 Bc8 38. Bxe6 fxe6 39. Kd4 Kf7
40. Bh4 Ke8 41. Kc5 Kd7 42. h3 Kc7 43. g4 Bd7 44. gxh5 gxh5 45. Bg3 Kb7 46. Kd6
Bc8 47. Bf2 Kb8 48. Ke7 Kc7 49. Bc5 Kb7 50. Kd6 Kb8 51. a3 Bb7 52. h4 Bc8 53.
Ke7 Kc7 54. Kf7 Bd7 55. Kg6 Be8+ 56. Kf6 Bd7 57. Kg5 Be8 58. f5 exf5 59. Kxf5
Bd7+ 60. e6 Be8 61. e7 Kd7 62. Kf6 Kc8 63. Kg7 Kd7 64. Kf8 Bg6 65. Kg7 Be8 66.
Kf6 Kc8 67. Ke5 Kc7 68. Kxd5 Kd7 69. Bd6 Kc8 70. Ke6 Bd7+ 71. Kf7 Kb7 72. e8=Q
Bxe8+ 73. Kxe8 Kc6 74. Bc5 a5 75. Kf7 a4 76. Kg6 Kd5 77. Kxh5 Kc4 78. Kg6 Kb3
79. h5 Kxa3 80. h6 1-0

[Event "XVII Open Nicolo' La Rosa"]
[Site "Mazara del Vallo ITA"]
[Date "2009.08.09"]
[Round "5"]
[White "Naumkin, Igor"]
[Black "Morello, Guido"]
[Result "1-0"]
[WhiteElo "2481"]
[BlackElo "1952"]
[PlyCount "37"]
[EventDate "2009.08.07"]

1. d4 d5 2. c4 Nc6 3. Nc3 Nf6 4. cxd5 Nxd5 5. e4 Nxc3 6. bxc3 e5 7. d5 Nb8 8.
Nf3 Bg4 9. Qa4+ Nd7 10. Nxe5 Qf6 11. Nxg4 Qxc3+ 12. Kd1 Qxa1 13. Bb5 Rd8 14.
Kc2 a6 15. Bxd7+ Rxd7 16. Rd1 h5 17. e5 b5 18. Qxa6 b4 19. Qa8+ 1-0

[Event "XVII Open Nicolo' La Rosa"]
[Site "Mazara del Vallo ITA"]
[Date "2009.08.09"]
[Round "5"]
[White "Piazza, Dario"]
[Black "Lo Piccolo, Antonino"]
[Result "0-1"]
[WhiteElo "1533"]
[BlackElo "1719"]
[PlyCount "50"]
[EventDate "2009.08.07"]

1. e4 c5 2. Nc3 d6 3. f4 Nc6 4. Nf3 g6 5. Bb5 Bg7 6. d4 cxd4 7. Nxd4 Bd7 8.
Bxc6 bxc6 9. O-O Qb6 10. Nce2 e5 11. fxe5 dxe5 12. Be3 exd4 13. Nxd4 Qb4 14. c3
Qe7 15. Bf4 Nf6 16. e5 Nd5 17. Qf3 O-O 18. c4 Nxf4 19. Qxf4 Bxe5 20. Rae1 f6
21. Qd2 Qc5 22. Re4 Bf5 23. Rxf5 gxf5 24. Rh4 Rad8 25. b4 Rxd4 0-1